Break free with DB2 9.7 : A tour of cost-slashing new features (Record no. 10527)
[ view plain ]
| 000 -LEADER | |
|---|---|
| fixed length control field | 00449 a2200157 4500 |
| 020 ## - INTERNATIONAL STANDARD BOOK NUMBER | |
| International Standard Book Number | 9780071703017 |
| 082 ## - DEWEY DECIMAL CLASSIFICATION NUMBER | |
| Classification number | 005.7565 |
| 090 ## - LOCALLY ASSIGNED LC-TYPE CALL NUMBER (OCLC); LOCAL CALL NUMBER (RLIN) | |
| -- | 6699 |
| -- | 6699 |
| 100 ## - MAIN ENTRY--PERSONAL NAME | |
| Personal name | Zikopoulos,Paul C. |
| 245 ## - TITLE STATEMENT | |
| Title | Break free with DB2 9.7 : A tour of cost-slashing new features |
| Statement of responsibility, etc. | Paul, C. zikopoulos |
| 260 ## - PUBLICATION, DISTRIBUTION, ETC. | |
| Place of publication, distribution, etc. | USA |
| Name of publisher, distributor, etc. | McGraw Hill; |
| Date of publication, distribution, etc. | c2010. |
| 300 ## - PHYSICAL DESCRIPTION | |
| Extent | xix,139p. : |
| Dimensions | 25cm. |
| 650 ## - SUBJECT ADDED ENTRY--TOPICAL TERM | |
| Topical term or geographic name entry element | Database management |
| 700 ## - ADDED ENTRY--PERSONAL NAME | |
| Personal name | Paul, Zikopoulos |
| 942 ## - ADDED ENTRY ELEMENTS (KOHA) | |
| Koha item type | Book |
| Call number prefix | 005.7565 ZIK |
| Withdrawn status | Lost status | Damaged status | Not for loan | Permanent Location | Current Location | Shelving location | Total Checkouts | Full call number | Barcode | Date last seen | Price effective from | Koha item type |
|---|---|---|---|---|---|---|---|---|---|---|---|---|
| Central Library (CL) | Central Library (CL) | First Floor - Databases | 005.7565 ZIK | SEECSD00409 | 11/14/2012 | 11/14/2012 | Book |
